Revista del Instituto Americano de Arte / (Record no. 21794)

000 -CABECERA
fixed length control field 03376nam a22003857a 4500
003 - IDENTIFICADOR DEL NÚMERO DE CONTROL
control field AR-CdUCM
008 - DATOS DE LONGITUD FIJA--INFORMACIÓN GENERAL
fixed length control field 190425b ||||| |||| 00| 0 spa d
040 ## - FUENTE DE LA CATALOGACIÓN
Agencia/entidad que catalogó originalmente la obra MUNICIPALIDAD PROVINCIAL DEL CUSCO
Entidad que transcribió la catalogación BIBLIOTECA MUNICIPAL DEL CUSCO
082 ## - NÚMERO DE LA CLASIFICACIÓN DECIMAL DEWEY
No. de Clasificación Rev.IAAC/N°9/1959
110 ## - ENTRADA PRINCIPAL--NOMBRE DE ENTIDAD CORPORATIVA
Nombre de la institución, jurisdicción como entrada principal Instituto Americano de Arte del Cuzco
9 (RLIN) 43770
245 ## - MENCIÓN DE TÍTULO
Título Revista del Instituto Americano de Arte /
260 ## - PUBLICACIÓN, DISTRIBUCIÓN, ETC.
Lugar de publicación, distribución, etc. Cusco :
Nombre de la editorial, distribuidor, etc. H.G. Rozas,
Fecha de publicación, distribución, etc. 1959.
300 ## - DESCRIPCIÓN FÍSICA
Nº de Páginas Extensión 322 páginas. :
Otros detalles físicos ilustraciones, laminas ;
Dimensiones 24 cm.
440 ## - MENCIÓN DE SERIE/PUNTO DE ACCESO ADICIONAL--TÍTULO
Título Revista del Instituto Americano de Arte Cuzco.
Número de la parte/sección de una obra Año IX, [?] semestre de 1959, N°9. Vol.[?]
9 (RLIN) 46132
505 ## - NOTA DE CONTENIDO CON FORMATO
Nota de contenido formateada Contenido: El pintor Krekovic -- La visita de Bolivar al Cuzco. José Uriel García. -- Elogio de Garcilaso. Luis Felipe Paredes. -- Nuevos datos sobre la vida y obra del Obispo Mollinedo. Horacio Villanueva. -- El pan nuestro de cada día. José Uriel García. -- Documentos en el Archivo Provincial de Córdova España relacionados con el Inca Garcilaso de la Vega. Manuel E. Cuadros. -- Dos inéditos sobre Fernando Tupac Amaru. Daniel Valcárcel. -- El Obispo Don Manuel de Mollinedo y Angulo Mecenas cuzqueño. Isabel Z. de Ruzo. -- Tres templos Apurimeños. Julio G. Gutiérrez. -- Sobre el pintor Mario Urteaga y la pintura peruana. Teodoro Núñez Ureta. -- Apuntes literarios. Román Saavedra. -- Supervivencias agrarias del Tahuantinsuyo. -- Un juramento de amor. Eufracio Álvarez. -- Tierras ajenas. Luis Felipe Paredes. -- El cholo sur peruano. Teófilo Huayhuaca Saldívar. -- Don Rosendo Villalobos en la lírica boliviana. Carlos Gregorio Taborga. -- Tres paisajes de la escuela cuzqueña. M.F.L. -- Hacia la determinación de los caracteres típicos del Wayno cuzqueño. Josafat Roel Pineda. -- El velatorio del expediente. Carlos Ferdinand Cuadros. -- Retazos de vidas serranas. Martha Alicia Fernan Zegarra. -- José Vasconcelos maestro y apóstol. Román Saavedra. -- Contra los vates y sus derivados. E. Kallata. -- Homenajes a Benjamín Mendizábal Vizcarra. M.F.Lira, L. F. Paredes, J.G. Medina. -- Los cuatro grandes de la música cusqueña. L.F. Paredes. -- Concurso como se imaginan el Cuzco. -- Anacronismo y disloque. Rosa Augusta Rivero de Zúñiga. -- De nuestro acervo musical. Ernesto Corbacho. -- Carta a Trinidad Enríquez. Manuela F. Gómez. -- Lic. Salvador Martínez de Alva. L.F.P. -- El Cuzco atreves de los tiempos. Julio G. Gutiérrez. -- El suplicio de Tupac Amaru. J. Alberto Cuentas. -- Necrología Luis A. Llanos Hartmut Winkler. -- Documentos semana del Cuzco. -- Significas Lágrimas poemas. Luis Nieto Miranda.
650 ## - PUNTO DE ACCESO ADICIONAL DE MATERIA--TÉRMINO DE MATERIA
Descriptor Tradiciones cusqueñas
9 (RLIN) 31110
650 ## - PUNTO DE ACCESO ADICIONAL DE MATERIA--TÉRMINO DE MATERIA
Descriptor Fiestas populares
9 (RLIN) 34730
650 ## - PUNTO DE ACCESO ADICIONAL DE MATERIA--TÉRMINO DE MATERIA
Descriptor Folcklore
9 (RLIN) 46108
650 ## - PUNTO DE ACCESO ADICIONAL DE MATERIA--TÉRMINO DE MATERIA
Descriptor Literatura cusqueña
9 (RLIN) 46110
650 ## - PUNTO DE ACCESO ADICIONAL DE MATERIA--TÉRMINO DE MATERIA
Descriptor Poetas cusqueños
9 (RLIN) 5956
650 ## - PUNTO DE ACCESO ADICIONAL DE MATERIA--TÉRMINO DE MATERIA
Descriptor Arte cusqueño
9 (RLIN) 13165
650 ## - PUNTO DE ACCESO ADICIONAL DE MATERIA--TÉRMINO DE MATERIA
Descriptor Benjamín Mendizábal Vizcarra
9 (RLIN) 46129
650 ## - PUNTO DE ACCESO ADICIONAL DE MATERIA--TÉRMINO DE MATERIA
Descriptor Simón Bolívar
9 (RLIN) 1694
650 ## - PUNTO DE ACCESO ADICIONAL DE MATERIA--TÉRMINO DE MATERIA
Descriptor Manuel de Mollinedo y Angulo
9 (RLIN) 5791
650 ## - PUNTO DE ACCESO ADICIONAL DE MATERIA--TÉRMINO DE MATERIA
Descriptor María Trinidad Enríquez
9 (RLIN) 46109
700 ## - PUNTO DE ACCESO ADICIONAL--NOMBRE DE PERSONA
Nombre Personal Gutiérrez Loayza, Julio
9 (RLIN) 46116
700 ## - PUNTO DE ACCESO ADICIONAL--NOMBRE DE PERSONA
Nombre Personal Yépez Miranda, Alfredo
9 (RLIN) 4230
700 ## - PUNTO DE ACCESO ADICIONAL--NOMBRE DE PERSONA
Nombre Personal Nieto Mirando, Luis
9 (RLIN) 46131
700 ## - PUNTO DE ACCESO ADICIONAL--NOMBRE DE PERSONA
Nombre Personal García, Uriel José
9 (RLIN) 46133
700 ## - PUNTO DE ACCESO ADICIONAL--NOMBRE DE PERSONA
Nombre Personal Caballero Farfán, Policarpo
9 (RLIN) 13130
700 ## - PUNTO DE ACCESO ADICIONAL--NOMBRE DE PERSONA
Nombre Personal Villanueva Urteaga, Horacio
9 (RLIN) 5790
700 ## - PUNTO DE ACCESO ADICIONAL--NOMBRE DE PERSONA
Nombre Personal Roel Pineda, Josafat
9 (RLIN) 22398
942 ## - ELEMENTOS DE PUNTO DE ACCESO ADICIONAL (KOHA)
Fuente de clasificación
Tipo de item Revistas cusqueñas
945 ## - PROCESAMIENTO DE INFORMACIÓN LOCAL (OCLC)
Catalogador rac
Holdings
Estado de retiro (separado) Fuente de clasificación o esquema de estanterías Estado dañado Ubicación Sala donde se ubica Nombre de la colección Fecha de adquisición o compra Costo, precio normal en soles Signatura topográfica Código de Barras Última vez visto (Koha) Tipo de ítem (Koha)
No     Sala Hemeroteca Sala Hemeroteca Book Cart 2021-08-06 10.00 Rev.IAAC/N°9/1959 REVC000237 2021-08-06 Revistas cusqueñas
No     Sala Hemeroteca Sala Hemeroteca Book Cart 2021-08-06 10.00 Rev.IAAC/N°9/1959/e.2 REVC000238 2021-08-06 Revistas cusqueñas

Powered by Koha